[Event "Balaguer op 12th"]
[Site "Balaguer"]
[Date "2007.07.16"]
[Round "1"]
[White "Reves Balleste, Jose"]
[Black "Guliev, Logman"]
[Result "0-1"]
[WhiteElo "1953"]
[BlackElo "2454"]
[PlyCount "172"]
[EventDate "2007.07.16"]
[EventType "swiss"]
[EventRounds "10"]
[EventCountry "ESP"]
[SourceTitle "CBM 119 Extra"]
[Source "ChessBase"]
[SourceDate "2007.09.04"]
[SourceVersion "1"]
[SourceVersionDate "2007.09.04"]
[SourceQuality "1"]

1. e4 c5 2. Nf3 d6 3. d4 cxd4 4. Nxd4 Nf6 5. Nc3 a6 6. Bc4 e6 7. Bb3 Be7 8. Be3 b5 9. a3 0-0 10. f3 Bb7 11. Qd2 Nc6 12. Nxc6 Bxc6 13. Rd1 Qc7 14. 0-0 Rfd8 15. Qf2 Nd7 16. Ne2 Nc5 17. Ba2 a5 18. Bf4 Qb7 19. Bb1 b4 20. axb4 axb4 21. Ng3 g6 22. Be3 Na4 23. b3 Nc3 24. Rc1 Bf6 25. Rfe1 d5 26. exd5 exd5 27. Ne2 Re8 28. Nxc3 Bxc3 29. Red1 Bb5 30. Rd4 Rxe3 31. Qxe3 Re8 32. Qf4 Qb6 33. Rcd1 Bxd4+ 34. Qxd4 Qxd4+ 35. Rxd4 Re1+ 36. Kf2 Rxb1 37. Rxd5 Bc6 38. Rd6 Be8 39. Ke3 Re1+ 40. Kf2 Re5 41. Rb6 Rc5 42. Rxb4 Rxc2+ 43. Kg3 Kg7 44. Rb8 Bd7 45. b4 Rb2 46. h4 h5 47. Rb6 Rd2 48. Kh2 Rd5 49. Kg3 Kf8 50. Rb7 Ke7 51. Rc7 Rd4 52. b5 Rb4 53. Rc2 Rxb5 54. Rd2 Be6 55. Re2 Kf6 56. Rd2 Ra5 57. Rb2 Ra2 58. Rb6 Ke5 59. Rb4 Rc2 60. Re4+ Kd6 61. Re1 f5 62. Rd1+ Bd5 63. Ra1 Rc4 64. Re1 f4+ 65. Kh2 Rc2 66. Kh3 Rf2 67. Rd1 Ke5 68. Re1+ Kf5 69. Ra1 Ke5 70. Re1+ Kd4 71. Rd1+ Kc4 72. Rc1+ Kd3 73. Ra1 Ra2 74. Rd1+ Rd2 75. Ra1 Ke2 76. Ra5 Kf1 77. Ra1+ Kf2 78. Ra4 Rd1 79. Kh2 Rg1 80. Rxf4 Rxg2+ 81. Kh1 Kg3 82. Rf6 Rd2 83. Rxg6+ Kxh4 84. Kg1 Bxf3 85. Kf1 Bg4 86. Rb6 Kg3 0-1

[Event "Patrimonio op 1st"]
[Site "Alcala de Henares"]
[Date "2006.10.07"]
[Round "1"]
[White "Reves Balleste, Jose"]
[Black "Pogorelov, Ruslan"]
[Result "0-1"]
[WhiteElo "1973"]
[BlackElo "2462"]
[PlyCount "55"]
[EventDate "2006.10.07"]
[EventType "swiss"]
[EventRounds "9"]
[EventCountry "ESP"]
[SourceTitle "CBM 114 Extra"]
[Source "ChessBase"]
[SourceDate "2006.11.03"]
[SourceVersion "1"]
[SourceVersionDate "2006.11.03"]
[SourceQuality "1"]

1. e4 c5 2. Nf3 Nc6 3. d4 cxd4 4. Nxd4 Qc7 5. Nc3 e6 6. a3 a6 7. Be3 Nf6 8. Be2 Be7 9. Qd2 0-0 10. 0-0 d6 11. f4 Bd7 12. Nb3 b5 13. Rad1 Rfd8 14. Qe1 Be8 15. Qf2 Rab8 16. Bf3 Nd7 17. Ne2 Nb6 18. c3 Nc4 19. Bc1 a5 20. Ned4 b4 21. axb4 axb4 22. cxb4 Nxb4 23. Na1 Qa7 24. b3 Qxa1 25. bxc4 Qa2 26. Qxa2 Nxa2 27. Nxe6 fxe6 28. Be3 0-1

[Event "Sort op 2nd"]
[Site "Sort"]
[Date "2006.06.26"]
[Round "1"]
[White "Roeder, Mathias"]
[Black "Reves Balleste, Jose"]
[Result "1-0"]
[WhiteElo "2403"]
[BlackElo "1975"]
[PlyCount "101"]
[EventDate "2006.06.26"]
[EventType "swiss"]
[EventRounds "9"]
[EventCountry "ESP"]
[SourceTitle "CBM 113 Extra"]
[Source "ChessBase"]
[SourceDate "2006.09.14"]
[SourceVersion "1"]
[SourceVersionDate "2006.09.14"]
[SourceQuality "1"]

1. Nf3 d5 2. c4 dxc4 3. e3 Nf6 4. Bxc4 e6 5. 0-0 Be7 6. d4 b6 7. Nc3 Bb7 8. Bb5+ c6 9. Bd3 Nbd7 10. Qe2 Qc7 11. e4 Nf8 12. Rd1 Ng6 13. e5 Nd5 14. Nxd5 exd5 15. h4 Nf8 16. Be3 Ne6 17. Rac1 Qd8 18. h5 h6 19. Nh2 a6 20. Bf5 Bg5 21. Bxe6 fxe6 22. Qg4 0-0 23. f4 Be7 24. Qxe6+ Kh8 25. Qg6 Qe8 26. Qxe8 Raxe8 27. g4 c5 28. Nf3 c4 29. f5 Bc8 30. a3 b5 31. Bd2 Bxf5 32. gxf5 Rxf5 33. Kg2 Ref8 34. Rf1 Rxh5 35. Bb4 Re8 36. Bxe7 Rxe7 37. Kg3 Rf7 38. Nh4 Rg5+ 39. Kh3 Rb7 40. Rf5 b4 41. axb4 Rxb4 42. Rxg5 hxg5 43. Ng6+ Kh7 44. Ne7 Rb5 45. Kg4 g6 46. Kxg5 Kg7 47. Rc2 Kf7 48. Nxg6 a5 49. Kf5 a4 50. e6+ Ke8 51. Rh2 1-0

[Event "Salou op 08th"]
[Site "Salou"]
[Date "2006.06.15"]
[Round "9"]
[White "Hoenick, Andreas"]
[Black "Reves Balleste, Jose"]
[Result "1-0"]
[WhiteElo "2168"]
[BlackElo "1975"]
[PlyCount "83"]
[EventDate "2006.06.07"]
[EventType "swiss"]
[EventRounds "9"]
[EventCountry "ESP"]
[SourceTitle "CBM 112 Extra"]
[Source "ChessBase"]
[SourceDate "2006.07.14"]
[SourceVersion "1"]
[SourceVersionDate "2006.07.14"]
[SourceQuality "1"]

1. c4 Nf6 2. g3 d6 3. Bg2 g6 4. Nc3 Bg7 5. d3 c6 6. Bg5 Na6 7. Rb1 Qa5 8. Bd2 Qc7 9. b4 Bd7 10. Nf3 Qc8 11. h3 Nc7 12. g4 e6 13. g5 Nh5 14. Ne4 Bf8 15. Bc3 Rg8 16. Nh2 d5 17. Nf6+ Nxf6 18. Bxf6 Na6 19. Ng4 Bxb4+ 20. Rxb4 Nxb4 21. Qd2 a5 22. a3 Na6 23. Qf4 e5 24. Qxe5+ Be6 25. Bg7 Qc7 26. Nf6+ Ke7 27. Nxg8+ Rxg8 28. Bf6+ Kd7 29. Qd4 Kc8 30. Be5 c5 31. Qb2 Qc6 32. 0-0 Rd8 33. Rb1 Nc7 34. Rc1 b6 35. d4 Kd7 36. dxc5 bxc5 37. Qd2 Ke8 38. Qxa5 Na6 39. Rb1 Ra8 40. Rb6 Qc8 41. cxd5 Nc7 42. Qxc5 1-0

[Event "Salou op 08th"]
[Site "Salou"]
[Date "2006.06.14"]
[Round "8"]
[White "Reves Balleste, Jose"]
[Black "Moro Adame, Antonio"]
[Result "1-0"]
[WhiteElo "1975"]
[BlackElo "2153"]
[PlyCount "89"]
[EventDate "2006.06.07"]
[EventType "swiss"]
[EventRounds "9"]
[EventCountry "ESP"]
[SourceTitle "CBM 112 Extra"]
[Source "ChessBase"]
[SourceDate "2006.07.14"]
[SourceVersion "1"]
[SourceVersionDate "2006.07.14"]
[SourceQuality "1"]

1. e4 Nf6 2. d3 e5 3. c4 Bc5 4. Be2 d6 5. Nc3 a5 6. Bg5 h6 7. Bh4 g5 8. Bg3 h5 9. h4 g4 10. Qd2 Rg8 11. Bd1 Nc6 12. Ba4 Bd7 13. Nge2 Nd4 14. Bxd7+ Qxd7 15. Rb1 Nxe2 16. Qxe2 c6 17. a3 b5 18. 0-0 b4 19. Na4 Bd4 20. axb4 axb4 21. b3 Qe7 22. Qd2 Rb8 23. Rbc1 c5 24. Qh6 Kd7 25. Qd2 Kc6 26. Rc2 Ra8 27. Ra2 Nd7 28. Rc2 Nf8 29. Rb1 Ng6 30. Nb2 Nxh4 31. Nd1 Ng6 32. Ne3 Bxe3 33. fxe3 h4 34. Be1 g3 35. Ra2 Qg5 36. Rba1 Rxa2 37. Qxa2 Qxe3+ 38. Kh1 Kd7 39. Bd2 Qxd3 40. Bg5 Qxe4 41. Qa7+ Ke6 42. Rf1 Nf4 43. Qe7+ Kf5 44. Bxf4 Kg6 45. Bxe5 1-0

[Event "Salou op 08th"]
[Site "Salou"]
[Date "2006.06.13"]
[Round "7"]
[White "Vinals Rioja, Jaume"]
[Black "Reves Balleste, Jose"]
[Result "1/2-1/2"]
[WhiteElo "2122"]
[BlackElo "1975"]
[PlyCount "57"]
[EventDate "2006.06.07"]
[EventType "swiss"]
[EventRounds "9"]
[EventCountry "ESP"]
[SourceTitle "CBM 112 Extra"]
[Source "ChessBase"]
[SourceDate "2006.07.14"]
[SourceVersion "1"]
[SourceVersionDate "2006.07.14"]
[SourceQuality "1"]

1. e4 c6 2. d4 d5 3. exd5 cxd5 4. c4 Nf6 5. Nc3 Nc6 6. Nf3 e6 7. Bg5 Be7 8. c5 0-0 9. Bb5 Bd7 10. 0-0 Rc8 11. a3 h6 12. Bh4 Na5 13. Bd3 Nh5 14. Bxe7 Qxe7 15. b4 Nc6 16. Re1 Qf6 17. Bc2 Nf4 18. Ne2 Ng6 19. Ng3 Nh4 20. Ne5 Nxe5 21. Rxe5 g6 22. Qg4 Kh8 23. Rae1 Rg8 24. Qd1 Bb5 25. a4 Bc4 26. b5 Nf5 27. Qd2 Qg5 28. Qxg5 hxg5 29. Nxf5 1/2-1/2

[Event "Salou op 08th"]
[Site "Salou"]
[Date "2006.06.09"]
[Round "3"]
[White "Vernay, Clovis"]
[Black "Reves Balleste, Jose"]
[Result "1-0"]
[WhiteElo "2293"]
[BlackElo "1975"]
[PlyCount "55"]
[EventDate "2006.06.07"]
[EventType "swiss"]
[EventRounds "9"]
[EventCountry "ESP"]
[SourceTitle "CBM 112 Extra"]
[Source "ChessBase"]
[SourceDate "2006.07.14"]
[SourceVersion "1"]
[SourceVersionDate "2006.07.14"]
[SourceQuality "1"]

1. d4 d5 2. Nf3 e6 3. c4 Nf6 4. Nc3 Be7 5. e3 0-0 6. Bd3 c6 7. 0-0 b6 8. Qe2 Bb7 9. e4 dxe4 10. Nxe4 Nbd7 11. Be3 Nxe4 12. Bxe4 Nf6 13. Bc2 Qc7 14. Rad1 Rad8 15. Ne5 c5 16. Bf4 Qc8 17. dxc5 Qxc5 18. b3 Rxd1 19. Rxd1 Qc8 20. g4 Rd8 21. Rxd8+ Qxd8 22. g5 Nd7 23. Bxh7+ Kf8 24. Nxf7 Kxf7 25. Qh5+ Kf8 26. Bg6 Nf6 27. gxf6 Bxf6 28. Bd6+ 1-0

[Event "Salou op 08th"]
[Site "Salou"]
[Date "2006.06.07"]
[Round "1"]
[White "Caruana, Fabiano"]
[Black "Reves Balleste, Jose"]
[Result "1-0"]
[WhiteElo "2421"]
[BlackElo "1975"]
[PlyCount "57"]
[EventDate "2006.06.07"]
[EventType "swiss"]
[EventRounds "9"]
[EventCountry "ESP"]
[SourceTitle "CBM 112 Extra"]
[Source "ChessBase"]
[SourceDate "2006.07.14"]
[SourceVersion "1"]
[SourceVersionDate "2006.07.14"]
[SourceQuality "1"]

1. e4 c6 2. d4 d5 3. e5 Bf5 4. c4 Bxb1 5. Rxb1 dxc4 6. Bxc4 e6 7. Ne2 Bb4+ 8. Nc3 Nd7 9. Qb3 Ba5 10. 0-0 Nb6 11. Ne4 Nxc4 12. Qxc4 Bc7 13. Nc5 Qc8 14. Bg5 h6 15. Bh4 g5 16. Bg3 Ne7 17. f4 g4 18. f5 Nxf5 19. Rbe1 0-0 20. Rf4 h5 21. Qc1 Qd8 22. Ne4 f6 23. Rxf5 exf5 24. Nxf6+ Rxf6 25. Qg5+ Kf7 26. exf6 Qxd4+ 27. Kh1 Qxf6 28. Qxh5+ Kg7 29. Bh4 1-0

[Event "Balaguer op 10th"]
[Site "Balaguer"]
[Date "2005.07.18"]
[Round "1"]
[White "Baklan, Vladimir"]
[Black "Reves Balleste, Jose"]
[Result "1-0"]
[WhiteElo "2584"]
[BlackElo "1986"]
[PlyCount "57"]
[EventDate "2005.07.18"]
[EventType "swiss"]
[EventRounds "9"]
[EventCountry "ESP"]
[SourceTitle "CBM 107 Extra"]
[Source "ChessBase"]
[SourceDate "2005.09.01"]
[SourceVersion "1"]
[SourceVersionDate "2005.09.01"]
[SourceQuality "1"]

1. e4 c6 2. d4 d5 3. e5 Bf5 4. Nf3 e6 5. Be2 Qb6 6. 0-0 c5 7. c4 dxc4 8. Na3 Bd3 9. Nxc4 Bxc4 10. Bxc4 cxd4 11. Nxd4 Bc5 12. Nb5 Ne7 13. b4 Bxb4 14. Be3 Qc6 15. Qb3 Na6 16. Nd6+ Bxd6 17. Bb5 Bxe5 18. Bxc6+ Nxc6 19. Rab1 Rb8 20. Qa4 0-0 21. Rxb7 Rxb7 22. Qxc6 Rb2 23. Qxa6 h6 24. g3 Bf6 25. Re1 Kh7 26. Qxa7 g6 27. Bc5 Rd8 28. Qxf7+ Bg7 29. Bd4 1-0

[Event "ESP-ch Seniors"]
[Site "Mallorca"]
[Date "2004.10.16"]
[Round "5"]
[White "Serra Olives, Tomas"]
[Black "Reves Balleste, Jose"]
[Result "1/2-1/2"]
[WhiteElo "2200"]
[BlackElo "2004"]
[PlyCount "75"]
[EventDate "2004.10.12"]
[EventType "swiss"]
[EventRounds "9"]
[EventCountry "ESP"]
[SourceTitle "EXT 2005"]
[Source "ChessBase"]
[SourceDate "2004.11.15"]
[SourceVersion "1"]
[SourceVersionDate "2004.11.15"]
[SourceQuality "1"]

1. e4 c6 2. d4 d5 3. exd5 cxd5 4. c4 Nf6 5. Nc3 e6 6. Nf3 h6 7. c5 Be7 8. Bf4 Bd7 9. b4 0-0 10. Bd3 Nh5 11. Be3 Nf6 12. 0-0 Qc7 13. Rc1 Ng4 14. Bd2 Qd8 15. h3 Nf6 16. b5 Nh7 17. Bb1 f5 18. Re1 Nf6 19. Ne5 Be8 20. a4 g5 21. f4 Ne4 22. Nxe4 fxe4 23. Qg4 Rf5 24. Rf1 Nd7 25. Nxd7 Qxd7 26. fxg5 h5 27. Qg3 Bg6 28. h4 Raf8 29. Bf4 Rc8 30. Be5 Bf8 31. Ba2 Bg7 32. Bf6 Kh7 33. Rxf5 Bxf5 34. Qe5 Bxf6 35. gxf6 Qc7 36. Bb3 Qxe5 37. dxe5 d4 38. Kf2 1/2-1/2

[Event "Benidorm Bali op-A"]
[Site "Benidorm"]
[Date "2003.11.26"]
[Round "7"]
[White "Reves Balleste, Jose"]
[Black "Ferrer Berenguer, Ligorio"]
[Result "0-1"]
[WhiteElo "2045"]
[BlackElo "2112"]
[PlyCount "82"]
[EventDate "2003.11.21"]
[EventType "swiss"]
[EventRounds "9"]
[EventCountry "ESP"]
[SourceTitle "CBM 097 Extra"]
[Source "ChessBase"]
[SourceDate "2004.01.13"]
[SourceVersion "1"]
[SourceVersionDate "2004.01.13"]
[SourceQuality "1"]

1. e4 c5 2. c4 Nc6 3. d3 g6 4. Nc3 Bg7 5. g3 d6 6. Bg2 e5 7. Nge2 Nge7 8. f4 Bg4 9. h3 Bxe2 10. Qxe2 Nd4 11. Qd1 f5 12. 0-0 Qd7 13. Be3 0-0 14. Qd2 Rae8 15. Rab1 Nec6 16. Nd5 a5 17. Kh2 Qd8 18. b3 Ne7 19. Nc3 b6 20. Rbe1 Nec6 21. exf5 gxf5 22. Nd5 Kh8 23. fxe5 dxe5 24. Bg5 Qb8 25. Bh6 Re6 26. Bxg7+ Kxg7 27. Rg1 Rg6 28. Bh1 Kh8 29. Ref1 Rfg8 30. Qe3 h5 31. h4 Qd8 32. Bf3 f4 33. Nxf4 exf4 34. Qxf4 Rf8 35. Qe3 Nxf3+ 36. Rxf3 Qe8 37. Qf2 Rxf3 38. Qxf3 Re6 39. Rf1 Ne5 40. Qf5 Ng4+ 41. Kh3 Ne3 0-1

[Event "Benidorm Bali op-A"]
[Site "Benidorm"]
[Date "2003.11.21"]
[Round "1"]
[White "Sanchez Criado, Lluis"]
[Black "Reves Balleste, Jose"]
[Result "1-0"]
[WhiteElo "2180"]
[BlackElo "2045"]
[PlyCount "125"]
[EventDate "2003.11.21"]
[EventType "swiss"]
[EventRounds "9"]
[EventCountry "ESP"]
[SourceTitle "CBM 097 Extra"]
[Source "ChessBase"]
[SourceDate "2004.01.13"]
[SourceVersion "1"]
[SourceVersionDate "2004.01.13"]
[SourceQuality "1"]

1. d4 d6 2. c4 c5 3. d5 Nf6 4. Nc3 g6 5. e4 Bg7 6. Be2 0-0 7. Bg5 a6 8. Qd2 Bd7 9. a4 Qa5 10. Ra2 Bc8 11. h3 e6 12. Nf3 exd5 13. cxd5 Nbd7 14. 0-0 Re8 15. Qf4 h6 16. Bxh6 Bxh6 17. Qxh6 Nf8 18. Qf4 Qd8 19. Nd2 Qe7 20. Bf3 Rd8 21. Nc4 Ne8 22. b3 f6 23. Re2 Qg7 24. Rc1 g5 25. Qg3 Ng6 26. Bg4 Nf4 27. Re3 Rb8 28. Nb6 Bxg4 29. Qxg4 Qc7 30. a5 Qe7 31. h4 Ng6 32. hxg5 fxg5 33. Rg3 Qf6 34. Qxg5 Qxg5 35. Rxg5 Kf7 36. Rg3 Ng7 37. f4 Rh8 38. Nc4 Rbd8 39. Rf1 Rh4 40. e5 Nh5 41. Rgf3 Ke7 42. Nxd6 Rxd6 43. exd6+ Kxd6 44. g3 Rg4 45. Kf2 Nf6 46. Re1 Nf8 47. Rfe3 N6d7 48. Rd3 Nf6 49. Ne4+ Nxe4+ 50. Rxe4 Rg7 51. Re8 Rf7 52. Kf3 Nd7 53. Re6+ Kc7 54. d6+ Kc6 55. Re7 Rf6 56. g4 Rh6 57. Rxd7 Kxd7 58. g5 Rh8 59. f5 b5 60. axb6 a5 61. g6 c4 62. bxc4 a4 63. g7 1-0